| 000 -LEADER |
| fixed length control field |
01490pab a2200181 454500 |
| 008 - FIXED-LENGTH DATA ELEMENTS--GENERAL INFORMATION |
| fixed length control field |
180718b2006 xxu||||| |||| 00| 0 eng d |
| 100 ## - MAIN ENTRY--PERSONAL NAME |
| Personal name |
Guha Roy, Jaytilak |
| 245 ## - TITLE STATEMENT |
| Title |
Administrative reform initiatives for excellence in public service |
| 260 ## - PUBLICATION, DISTRIBUTION, ETC. |
| Date of publication, distribution, etc. |
2006 |
| 300 ## - PHYSICAL DESCRIPTION |
| Extent |
p.396-411. |
| 362 ## - DATES OF PUBLICATION AND/OR SEQUENTIAL DESIGNATION |
| Dates of publication and/or sequential designation |
Jul-Sep |
| 520 ## - SUMMARY, ETC. |
| Summary, etc. |
Globalisation and liberalisation reinforced by Information and Communication Technology (ICT) revolution have indeed been posing a major challenge to developing countries as also providing new opportunities. However, for a developing country as ours, the unfortunate part of the ongoing process of globalisation appears to be threatening since the agenda for economic and other reforms are likely to be imposed by international and Western donor agencies rather than adopted by choice in consonance with one's own national needs and interests. And herein lies the dilemma of the ongoing reform initiatives being faced by the planners and policy makers of the developing nations. It is against the above backdrop that the present article seeks to highlight significant administrative reform initiatives in India during the present era of globalisation and economic liberalisation, and also their strengths and weaknesses so as to draw certain learning lessons for other developing countries as well. - Reproduced. |
| 650 ## - SUBJECT ADDED ENTRY--TOPICAL TERM |
| Topical term or geographic name entry element |
Civil service |
| 650 ## - SUBJECT ADDED ENTRY--TOPICAL TERM |
| Topical term or geographic name entry element |
Administrative reform |
| 773 ## - HOST ITEM ENTRY |
| Main entry heading |
Indian Journal of Public Administration |
| 908 ## - PUT COMMAND PARAMETER (RLIN) |
| Put command parameter |
N |
| 909 ## - |
| -- |
72335 |